书目信息 |
| 题名: |
喀什麦盖提刀郎画乡原生农民艺术作品
|
|
| 作者: | 张天志 , 许乃青 编著 | |
| 分册: | ||
| 出版信息: | 上海 上海大学出版社 2014.9 |
|
| 页数: | 153页 | |
| 开本: | 27cm | |
| 丛书名: | ||
| 单 册: | ||
| 中图分类: | J229 | |
| 科图分类: | ||
| 主题词: | 农民画--nong min hua--作品集--中国--现代 , 作品集--zuo pin ji , 中国--zhong guo | |
| 电子资源: | ||
| ISBN: | 978-7-5671-1375-6 | |
| 000 | 00809nam0 22002531 450 | |
| 001 | 0124140326 | |
| 005 | 20170324140326.0 | |
| 010 | @a978-7-5671-1375-6@dCNY128.00 | |
| 100 | @a20141127d2014 em y0chiy50 ea | |
| 101 | 0 | @achi |
| 102 | @aCN@b310000 | |
| 105 | @aa z 000yy | |
| 106 | @ar | |
| 200 | 1 | @a喀什麦盖提刀郎画乡原生农民艺术作品@9ka shen mai gai ti dao lang hua xiang yuan sheng nong min yi shu zuo pin@f张天志,许乃青编著 |
| 210 | @a上海@c上海大学出版社@d2014.9 | |
| 215 | @a153页@d27cm | |
| 606 | 0 | @a农民画@9nong min hua@x作品集@y中国@z现代 |
| 606 | 0 | @a作品集@9zuo pin ji |
| 606 | 0 | @a中国@9zhong guo |
| 690 | @aJ229@v5 | |
| 701 | 0 | @a张天志@9zhang tian zhi@c(美术)@4编著 |
| 701 | 0 | @a许乃青@9xu nai qing@4编著 |
| 801 | 0 | @aCN@bTANGWEI@c20170308 |
| 905 | @b0963245-6@dJ229@e349@f2 | |
| 喀什麦盖提刀郎画乡原生农民艺术作品/张天志,许乃青编著.-上海:上海大学出版社,2014.9 |
| 153页;27cm |
| ISBN 978-7-5671-1375-6:CNY128.00 |
| ● |
| 相关链接 |
|
|
|
|
正题名:喀什麦盖提刀郎画乡原生农民艺术作品
索取号:J229/349
 
预约/预借
| 序号 | 登录号 | 条形码 | 馆藏地/架位号 | 状态 | 备注 |
| 1 | 0963245 | 209632450 | 第一样本阅览室/ [索取号:J229/349] | 在馆 | |
| 2 | 0963246 | 209632469 | 第一借阅区/ [索取号:J229/349] | 在馆 |